书目信息 |
| 题名: |
台湾军事机秘
|
|
| 作者: | 陈瑞霞 编著 | |
| 分册: | ||
| 出版信息: | 香港 广角镜出版社有限公司 1987.05 |
|
| 页数: | 184页 | |
| 开本: | 19cm | |
| 丛书名: | ||
| 单 册: | ||
| 中图分类: | D675.8 | |
| 科图分类: | ||
| 主题词: | 政治--中国 | |
| 电子资源: | ||
| ISBN: | 962-226-122-1 | |
| 000 | 00552nam0 2200193 45 | |
| 001 | 0503150873 | |
| 005 | 20050315084013.2 | |
| 010 | @a962-226-122-1@dCNY13.50 | |
| 100 | @a20050315d1987 km y0chiy0120 ea | |
| 101 | 0 | @achi |
| 105 | @a z 000yy | |
| 200 | 1 | @a台湾军事机秘@ATai Wan Jun Shi Ji Mi@f陈瑞霞编著@FChen Rui Xia Bian Zhu |
| 210 | @a香港@c广角镜出版社有限公司@d1987.05 | |
| 215 | @a184页@c照片@d19cm | |
| 606 | 0 | @a政治@x中国 |
| 690 | @aD675.8@v3 | |
| 701 | 0 | @a陈瑞霞@4编著 |
| 801 | @aCN@bPftUser@c20050315 | |
| 905 | @f1@b260193@dD675.8@e20 | |
| 台湾军事机秘/陈瑞霞编著.-香港:广角镜出版社有限公司,1987.05 |
| 184页:照片;19cm |
| ISBN 962-226-122-1:CNY13.50 |
| ● |
| 相关链接 |
|
|
|
|
正题名:台湾军事机秘
索取号:D675.8/20
 
预约/预借
| 序号 | 登录号 | 条形码 | 馆藏地/架位号 | 状态 | 备注 |
| 1 | 0260193 | 001976393 | 第一样本阅览室/ [索取号:D675.8/20] | 在馆 |